Fr. Conceicao Rodrigues College of Engineering

The tunnel of time:Autobiography (Record no. 35044)

MARC details
000 -LEADER
fixed length control field 00323nam a2200157Ia 4500
082 ## - DEWEY DECIMAL CLASSIFICATION NUMBER
Classification number 920/LAX
Item number LAX
100 ## - MAIN ENTRY--PERSONAL NAME
Personal name Laxman/R.K
245 ## - TITLE STATEMENT
Title The tunnel of time:Autobiography
260 ## - PUBLICATION, DISTRIBUTION, ETC.
Name of publisher, distributor, etc. Penguin Books
Date of publication, distribution, etc. 1998
366 ## - TRADE AVAILABILITY INFORMATION
Publishers's discount category 17.5
300 ## - PHYSICAL DESCRIPTION
Extent 236
546 ## - LANGUAGE NOTE
Language note ENGLISH
650 ## - SUBJECT ADDED ENTRY--TOPICAL TERM
Topical term or geographic name entry element Fiction
942 ## - ADDED ENTRY ELEMENTS (KOHA)
Koha item type BOOK
Holdings
Withdrawn status Lost status Damaged status Not for loan Collection Home library Current library Date acquired Source of acquisition Cost, normal purchase price Inventory number Total Checkouts Full call number Barcode Date last seen Cost, replacement price Price effective from Koha item type
        CRC Fr. Agnel's C.Rodrigues College of Engineering Fr. Agnel's C.Rodrigues College of Engineering 17/03/2023 Educational books and periodicals 206.25 258 dt 27/04/2009   920/LAX LAX 19581 17/03/2023 250.00   BOOK